01089 2200361 4500001002100000005001500021035002000036007000300056008004100059020002200100082001500122084001700137100003100154245008700185250002800272300005900300650002100359700003200380504003100412264003600443336002100479337003000500338002300530040002200553090002000575850001200595990002000607990002000627990002000647990002000667990002000687990002000707INLIS00000000087507020221101011735 a0010-1122000026ta221101s2021 jbia g | ind d a978-623-225-094-904223a639.31 a639.31 CAH p0 aCahyo SaparintoePengarang10aPanen ikan konsumsi di kolam terpal /cCahyo Saparinto; penyunting, B. Prasetya W. aCetakan I, Jakarta 2021 a60 halaman :btabel, gambar sebagian berwarna ;c20 cm 4aIkan--xBudidaya1 aPrasetya W., B.ePenyunting aBibliografi: halaman 59-6031aDepok :bPenebar Swadaya,c2021 2rdacontentateks 2rdamediaatanpa perantara 2rdacarrieravolume aYOPDYOGbinderda aPK 639.31 CAH p aYOPDYOG a70236-PD/A.2022 a70237-PD/A.2022 a47844-PD/B.2022 a47845-PD/B.2022 a47846-PD/B.2022 a47847-PD/B.2022